LEADER 01793oam 2200445 a 450 001 9910696628503321 005 20080616090859.0 035 $a(CKB)5470000002380579 035 $a(OCoLC)51045586 035 $a(EXLCZ)995470000002380579 100 $a20021120d1996 ua 0 101 0 $aeng 135 $aurcn||||||||| 181 $ctxt$2rdacontent 182 $cc$2rdamedia 183 $acr$2rdacarrier 200 10$aDigital National Uranium Resources Evaluation (NURE) geochemistry for the Pacific Northwest$b[electronic resource] $ea contribution to the Interior Columbia River Basin Ecosystem Management Project /$fby Gary L. Raines and Cole L. Smith ; prepared in cooperation with the U.S. Forest Service and Bureau of Land Management 210 1$a[Menlo Park, CA] :$cU.S. Dept. of the Interior, U.S. Geological Survey,$d1996. 215 $a1 electronic text $cHTML file, digital, PDF, Arc/Info Export, Unix ASCII, dBase, QuattroPro files 225 1 $aOpen file report ;$v95-686 300 $aTitle from title screen (viewed on Nov. 20, 2002). 320 $aIncludes bibliographical references. 517 $aDigital National Uranium Resources Evaluation 606 $aUranium 606 $aGeochemistry$zNorthwest, Pacific 615 0$aUranium. 615 0$aGeochemistry 700 $aRaines$b Gary L$01389287 701 $aSmith$b Cole L$01384848 712 02$aUnited States.$bForest Service. 712 02$aUnited States.$bBureau of Land Management. 712 02$aGeological Survey (U.S.) 801 0$bXFF 801 1$bXFF 801 2$bOCLCQ 801 2$bGPO 906 $aBOOK 912 $a9910696628503321 996 $aDigital National Uranium Resources Evaluation (NURE) geochemistry for the Pacific Northwest$93470393 997 $aUNINA LEADER 02011oam 2200481 a 450 001 9910697057703321 005 20240812221048.0 035 $a(CKB)5470000002384324 035 $a(OCoLC)84851390 035 $a(EXLCZ)995470000002384324 100 $a20070222d2007 ua 0 101 0 $aeng 135 $aurcn||||||||| 181 $ctxt$2rdacontent 182 $cc$2rdamedia 183 $acr$2rdacarrier 200 10$aGuide to intrusion detection and prevention systems (IDPS) $erecommendations of the National Institute of Standards and Technology /$fKaren Scarfone, Peter Mell 210 1$aGaithersburg, MD :$cU.S. Dept. of Commerce, Technology Administration, National Institute of Standards and Technology,$d[2007] 215 $a1 online resource (127 unnumbered pages) $ccolor illustrations 225 1 $aNIST special publication ;$v800-94.$aComputer security 300 $aTitle from PDF title screen (NIST, viewed Feb. 22, 2011). 300 $a"February 2007." 300 $aIncludes bibliographical references and index. 410 0$aNIST special publication ;$v800-94. 410 0$aNIST special publication.$pComputer security. 517 $aGuide to intrusion detection and prevention systems 606 $aComputer security$vHandbooks, manuals, etc 606 $aComputers$xAccess control$vHandbooks, manuals, etc 606 $aFederal government$xComputer networks$xSecurity measures$zUnited States$vHandbooks, manuals, etc 608 $aHandbooks and manuals.$2lcgft 615 0$aComputer security 615 0$aComputers$xAccess control 615 0$aFederal government$xComputer networks$xSecurity measures 700 $aScarfone$b Karen$01764277 701 $aMell$b Peter$01381996 712 02$aNational Institute of Standards and Technology (U.S.) 801 0$bDST 801 1$bDST 801 2$bGPO 906 $aBOOK 912 $a9910697057703321 996 $aGuide to intrusion detection and prevention systems (IDPS)$94205928 997 $aUNINA